[Event "Campeonato de España Universitario 2024"]
[Site "Zaragoza, Spain"]
[Date "2024.04.22"]
[Round "2.5"]
[White "Eizaguerri Floris, Maria"]
[Black "Cesar Maestre, Bernardo"]
[Result "0-1"]
[WhiteFideId "32065752"]
[BlackFideId "24542547"]
[WhiteElo "2037"]
[BlackElo "2292"]

1. e4 {[%clk 00:15:19]} c5 {[%clk 00:15:18]} 2. Nf3 {[%clk 00:15:27]} d6 {[%clk
00:15:27]} 3. Bb5+ {[%clk 00:15:21]} Bd7 {[%clk 00:15:32]} 4. Bxd7+ Nxd7 {[%clk
00:15:40]} 5. O-O {[%clk 00:15:32]} e6 {[%clk 00:15:44]} 6. c3 {[%clk
00:15:39]} Ngf6 {[%clk 00:15:50]} 7. Qe2 {[%clk 00:15:41]} Be7 {[%clk
00:15:55]} 8. d4 {[%clk 00:15:49]} O-O {[%clk 00:16:03]} 9. e5 {[%clk
00:14:08]} Ne8 {[%clk 00:16:11]} 10. Bf4 {[%clk 00:13:52]} Rc8 {[%clk
00:13:47]} {[%emt 00:00:09]} 11. exd6 {[%clk 00:13:44]} {[%emt 00:00:18]} Bxd6
{[%clk 00:13:44]} {[%emt 00:00:14]} 12. Bxd6 {[%clk 00:13:36]} {[%emt
00:00:18]} Nxd6 {[%clk 00:13:51]} {[%emt 00:00:02]} 13. Nbd2 {[%clk 00:11:26]}
{[%emt 00:02:20]} Qc7 {[%clk 00:13:53]} {[%emt 00:00:08]} 14. dxc5 {[%clk
00:10:12]} {[%emt 00:01:25]} Nxc5 {[%clk 00:13:58]} {[%emt 00:00:04]} 15. Nd4
{[%clk 00:09:44]} {[%emt 00:00:38]} Na4 {[%clk 00:13:42]} {[%emt 00:00:27]} 16.
N2f3 {[%clk 00:09:52]} {[%emt 00:00:03]} a6 {[%clk 00:13:33]} {[%emt 00:00:19]}
17. Qc2 {[%clk 00:09:11]} {[%emt 00:00:51]} b5 {[%clk 00:13:27]} {[%emt
00:00:16]} 18. Ng5 {[%clk 00:09:05]} {[%emt 00:00:16]} g6 {[%clk 00:13:25]}
{[%emt 00:00:13]} 19. Ngxe6 {[%clk 00:06:42]} {[%emt 00:02:33]} fxe6 {[%clk
00:13:33]} {[%emt 00:00:02]} 20. Nxe6 {[%clk 00:06:51]} Qc6 {[%clk 00:13:38]}
{[%emt 00:00:04]} 21. Nxf8 {[%clk 00:06:58]} {[%emt 00:00:05]} Rxf8 {[%clk
00:13:45]} {[%emt 00:00:02]} 22. Rae1 {[%clk 00:06:52]} {[%emt 00:00:16]} Nf5
{[%clk 00:13:46]} {[%emt 00:00:08]} 23. Re4 {[%clk 00:06:02]} {[%emt 00:01:01]}
Nc5 {[%clk 00:13:25]} {[%emt 00:00:31]} 24. Re5 {[%clk 00:06:06]} {[%emt
00:00:05]} Nh4 {[%clk 00:12:18]} {[%emt 00:01:18]} 25. f3 {[%clk 00:05:54]}
{[%emt 00:00:23]} Qd6 {[%clk 00:11:56]} {[%emt 00:00:31]} 26. Qe2 {[%clk
00:05:37]} {[%emt 00:00:26]} Nd3 {[%clk 00:11:25]} {[%emt 00:00:41]} 27. Re6
{[%clk 00:04:26]} {[%emt 00:01:21]} Qc5+ {[%clk 00:11:28]} {[%emt 00:00:07]} 28.
Qe3 {[%clk 00:04:36]} Qxe3+ {[%clk 00:10:21]} {[%emt 00:01:17]} 29. Rxe3 {[%clk
00:04:45]} Nxb2 {[%clk 00:10:28]} {[%emt 00:00:04]} 30. Re6 {[%clk 00:03:46]}
{[%emt 00:01:09]} Ra8 {[%clk 00:09:51]} {[%emt 00:00:46]} 31. Rb1 {[%clk
00:02:25]} {[%emt 00:01:31]} Na4 {[%clk 00:09:05]} {[%emt 00:00:56]} 32. Rb4
{[%clk 00:01:29]} {[%emt 00:01:06]} Nf5 {[%clk 00:08:53]} {[%emt 00:00:22]} 33.
Rc6 {[%clk 00:01:19]} {[%emt 00:00:21]} Ne7 {[%clk 00:08:43]} {[%emt 00:00:20]}
34. Re6 {[%clk 00:01:24]} {[%emt 00:00:04]} Nd5 {[%clk 00:08:48]} {[%emt
00:00:05]} 35. Rd4 {[%clk 00:01:26]} {[%emt 00:00:09]} Naxc3 {[%clk 00:08:52]}
{[%emt 00:00:06]} 36. Kf2 {[%clk 00:00:34]} {[%emt 00:01:02]} Kf7 {[%clk
00:07:02]} {[%emt 00:02:00]} 37. Rd6 {[%clk 00:00:36]} {[%emt 00:00:07]} Ne7
{[%clk 00:06:36]} {[%emt 00:04:29]} 38. Rd7 {[%clk 00:00:20]} Rc8 {[%clk
00:06:27]} 39. R4d6 {[%clk 00:00:25]} a5 {[%clk 00:06:31]} 40. Rb6 {[%clk
00:00:34]} Rc5 {[%clk 00:06:18]} 41. Rd8 {[%clk 00:00:32]} Ncd5 {[%clk
00:05:07]} 42. Rb7 {[%clk 00:00:28]} Rc2+ {[%clk 00:05:06]} 43. Ke1 {[%clk
00:00:30]} Rc5 {[%clk 00:04:41]} {[%emt 00:00:08]} 44. Kd2 {[%clk 00:00:33]}
{[%emt 00:00:09]} b4 {[%clk 00:04:43]} {[%emt 00:00:08]} 45. Rh8 {[%clk
00:00:40]} {[%emt 00:00:02]} h5 {[%clk 00:04:51]} {[%emt 00:00:02]} 46. Rd8
{[%clk 00:00:33]} {[%emt 00:00:17]} Ke6 {[%clk 00:04:39]} {[%emt 00:00:22]} 47.
Rb6+ Nxb6 {[%clk 00:04:47]} 0-1

[ePGN "0.1;DGT LiveChess/2.2.6"]

[Event "Campeonato de España Universitario 2024"]
[Site "Zaragoza, Spain"]
[Date "2024.04.23"]
[Round "3.1"]
[White "Bringas Gomez, Artai"]
[Black "Lianes Garcia, Marcos"]
[Result "0-1"]
[WhiteFideId "24534064"]
[BlackFideId "32060777"]
[WhiteElo "2152"]
[BlackElo "2388"]

1. d4 {[%clk 00:15:18]} d5 {[%clk 00:15:11]} {[%emt 00:00:09]} 2. Nf3 {[%clk
00:15:06]} {[%emt 00:00:23]} e6 {[%clk 00:15:15]} {[%emt 00:00:06]} 3. c4
{[%clk 00:14:59]} {[%emt 00:00:16]} a6 {[%clk 00:14:52]} {[%emt 00:00:33]} 4.
Bg5 {[%clk 00:14:58]} {[%emt 00:00:11]} Be7 {[%clk 00:14:11]} {[%emt 00:00:52]}
5. Bxe7 {[%clk 00:15:06]} {[%emt 00:00:02]} Qxe7 {[%clk 00:13:55]} {[%emt
00:00:25]} 6. e3 {[%clk 00:14:13]} {[%emt 00:01:02]} Nf6 {[%clk 00:13:43]}
{[%emt 00:00:23]} 7. Nc3 {[%clk 00:14:13]} {[%emt 00:00:10]} O-O {[%clk
00:13:08]} {[%emt 00:00:44]} 8. Qc2 {[%clk 00:14:03]} {[%emt 00:00:21]} Nbd7
{[%clk 00:12:32]} {[%emt 00:00:47]} 9. cxd5 {[%clk 00:13:29]} {[%emt 00:00:43]}
exd5 {[%clk 00:12:10]} {[%emt 00:00:33]} 10. Bd3 {[%clk 00:13:36]} {[%emt
00:00:02]} b6 {[%clk 00:11:34]} {[%emt 00:00:46]} 11. O-O {[%clk 00:13:28]}
{[%emt 00:00:17]} Bb7 {[%clk 00:11:24]} {[%emt 00:00:21]} 12. Rac1 {[%clk
00:11:10]} {[%emt 00:02:28]} c5 {[%clk 00:10:56]} {[%emt 00:00:38]} 13. Bf5
{[%clk 00:10:54]} {[%emt 00:00:26]} c4 {[%clk 00:09:47]} {[%emt 00:01:20]} 14.
Rfe1 {[%clk 00:10:32]} {[%emt 00:00:31]} g6 {[%clk 00:09:01]} {[%emt 00:00:57]}
15. Bh3 {[%clk 00:09:30]} {[%emt 00:01:13]} b5 {[%clk 00:08:41]} {[%emt
00:00:30]} 16. a3 {[%clk 00:09:25]} {[%emt 00:00:14]} Rfe8 {[%clk 00:08:22]}
{[%emt 00:00:30]} 17. Ng5 {[%clk 00:08:10]} {[%emt 00:01:25]} Nb6 {[%clk
00:07:23]} {[%emt 00:01:09]} 18. Qe2 {[%clk 00:06:56]} {[%emt 00:01:24]} Nc8
{[%clk 00:06:06]} {[%emt 00:01:27]} 19. Nf3 {[%clk 00:06:15]} {[%emt 00:00:51]}
Nd6 {[%clk 00:06:02]} {[%emt 00:00:14]} 20. Ne5 {[%clk 00:06:13]} {[%emt
00:00:12]} Bc8 {[%clk 00:05:49]} {[%emt 00:00:22]} 21. Qf3 {[%clk 00:05:42]}
{[%emt 00:00:41]} Bxh3 {[%clk 00:05:29]} {[%emt 00:00:31]} 22. Qxh3 {[%clk
00:05:50]} {[%emt 00:00:01]} Nde4 {[%clk 00:05:26]} {[%emt 00:00:13]} 23. Na2
{[%clk 00:05:28]} {[%emt 00:00:32]} Qe6 {[%clk 00:04:25]} {[%emt 00:01:12]} 24.
Qf3 {[%clk 00:04:47]} {[%emt 00:00:50]} Nd7 {[%clk 00:04:14]} {[%emt 00:00:22]}
25. Nxd7 {[%clk 00:04:33]} {[%emt 00:00:24]} Qxd7 {[%clk 00:04:23]} 26. Nc3
{[%clk 00:04:41]} {[%emt 00:00:02]} Rab8 {[%clk 00:04:04]} {[%emt 00:00:30]} 27.
Nxe4 {[%clk 00:04:42]} {[%emt 00:00:09]} Rxe4 {[%clk 00:04:07]} {[%emt
00:00:06]} 28. Qf6 {[%clk 00:04:46]} {[%emt 00:00:05]} Qe6 {[%clk 00:03:30]}
{[%emt 00:00:47]} 29. Qf3 {[%clk 00:04:55]} {[%emt 00:00:01]} Kg7 {[%clk
00:03:30]} {[%emt 00:00:10]} 30. Re2 {[%clk 00:04:45]} {[%emt 00:00:20]} a5
{[%clk 00:03:27]} {[%emt 00:00:14]} 31. Qg3 {[%clk 00:04:45]} {[%emt 00:00:09]}
Rb7 {[%clk 00:03:29]} {[%emt 00:00:09]} 32. Rce1 {[%clk 00:04:47]} {[%emt
00:00:07]} Qf6 {[%clk 00:03:04]} {[%emt 00:00:36]} 33. Ra1 {[%clk 00:04:39]}
{[%emt 00:00:17]} Qe7 {[%clk 00:02:54]} {[%emt 00:00:20]} 34. Rae1 {[%clk
00:04:40]} {[%emt 00:00:08]} Qf6 {[%clk 00:02:43]} {[%emt 00:00:22]} 35. Qh3
{[%clk 00:04:45]} {[%emt 00:00:05]} Re8 {[%clk 00:02:46]} {[%emt 00:00:07]} 36.
Ra1 {[%clk 00:04:38]} {[%emt 00:00:17]} Rbe7 {[%clk 00:02:38]} {[%emt
00:00:18]} 37. Qg3 {[%clk 00:04:12]} {[%emt 00:00:36]} Qb6 {[%clk 00:02:33]}
{[%emt 00:00:15]} 38. Qg5 {[%clk 00:04:16]} {[%emt 00:00:06]} Qd6 {[%clk
00:02:39]} {[%emt 00:00:04]} 39. h3 {[%clk 00:03:54]} {[%emt 00:00:32]} Re4
{[%clk 00:02:41]} {[%emt 00:00:08]} 40. g4 {[%clk 00:03:49]} {[%emt 00:00:15]}
h6 {[%clk 00:02:23]} {[%emt 00:00:29]} 41. Qh4 {[%clk 00:03:58]} Rxd4 {[%clk
00:02:31]} {[%emt 00:00:02]} 42. Rae1 {[%clk 00:03:55]} {[%emt 00:00:10]} Rd3
{[%clk 00:02:33]} {[%emt 00:00:11]} 43. f3 {[%clk 00:03:23]} {[%emt 00:00:42]}
d4 {[%clk 00:02:21]} {[%emt 00:00:22]} 44. Qf2 {[%clk 00:03:19]} {[%emt
00:00:14]} dxe3 {[%clk 00:02:12]} {[%emt 00:00:19]} 45. Rxe3 {[%clk 00:03:27]}
{[%emt 00:00:01]} Rexe3 {[%clk 00:02:05]} {[%emt 00:00:18]} 46. Rxe3 {[%clk
00:03:36]} {[%emt 00:00:01]} Rxe3 {[%clk 00:01:59]} {[%emt 00:00:16]} 47. Qxe3
{[%clk 00:03:45]} Qd1+ {[%clk 00:01:55]} {[%emt 00:00:13]} 48. Kg2 {[%clk
00:03:20]} {[%emt 00:00:35]} Qc2+ {[%clk 00:02:04]} {[%emt 00:00:02]} 49. Kg3
{[%clk 00:03:29]} Qxb2 {[%clk 00:02:12]} {[%emt 00:00:03]} 50. Qc5 {[%clk
00:03:38]} g5 {[%clk 00:02:03]} {[%emt 00:00:19]} 51. Qd5 {[%clk 00:02:20]}
{[%emt 00:01:29]} Qa1 {[%clk 00:01:26]} {[%emt 00:00:47]} 52. Kg2 {[%clk
00:02:13]} {[%emt 00:00:17]} Qb2+ {[%clk 00:01:34]} {[%emt 00:00:02]} 53. Kg3
{[%clk 00:02:22]} {[%emt 00:00:01]} a4 {[%clk 00:01:44]} 54. f4 {[%clk
00:00:50]} {[%emt 00:01:42]} Qxa3+ {[%clk 00:01:50]} {[%emt 00:00:04]} 55. Kg2
{[%clk 00:00:44]} {[%emt 00:00:16]} Qb2+ {[%clk 00:01:57]} {[%emt 00:00:03]} 56.
Kh1 {[%clk 00:00:38]} {[%emt 00:00:16]} Qc1+ {[%clk 00:01:50]} {[%emt
00:00:17]} 57. Kg2 {[%clk 00:00:46]} {[%emt 00:00:02]} Qxf4 {[%clk 00:01:44]}
{[%emt 00:00:16]} 58. Qxb5 {[%clk 00:00:55]} Qe4+ {[%clk 00:01:51]} {[%emt
00:00:03]} 59. Kf2 {[%clk 00:00:47]} {[%emt 00:00:17]} a3 {[%clk 00:01:40]}
{[%emt 00:00:22]} 60. Qa5 {[%clk 00:00:56]} Qd4+ {[%clk 00:01:47]} {[%emt
00:00:03]} 61. Kf3 {[%clk 00:00:51]} {[%emt 00:00:15]} Qb2 {[%clk 00:01:54]}
{[%emt 00:00:04]} 62. h4 {[%clk 00:00:55]} {[%emt 00:00:06]} gxh4 {[%clk
00:00:46]} {[%emt 00:01:18]} 63. g5 {[%clk 00:01:05]} a2 {[%clk 00:00:52]}
{[%emt 00:00:04]} 64. gxh6+ {[%clk 00:01:13]} {[%emt 00:00:02]} Kxh6 {[%clk
00:01:01]} {[%emt 00:00:01]} 65. Qd8 {[%clk 00:00:33]} {[%emt 00:00:49]} Qc3+
{[%clk 00:00:55]} {[%emt 00:00:16]} 66. Kg2 {[%clk 00:00:14]} {[%emt 00:00:29]}
Qg3+ {[%clk 00:00:53]} {[%emt 00:00:12]} 67. Kf1 {[%clk 00:00:19]} {[%emt
00:00:05]} a1=Q+ {[%clk 00:00:58]} {[%emt 00:00:04]} 68. Qd1 {[%clk 00:00:27]}
{[%emt 00:00:02]} Qxd1# {[%clk 00:01:04]} {[%emt 00:00:04]} 0-1

[Event "Campeonato de España Universitario 2024"]
[Site "Zaragoza, Spain"]
[Date "2024.04.23"]
[Round "3.2"]
[White "Lopez Mulet, Inigo"]
[Black "Blanco Diez, David"]
[Result "1/2-1/2"]
[WhiteFideId "22235620"]
[BlackFideId "32032927"]
[WhiteElo "2335"]
[BlackElo "2162"]

1. Nf3 {[%clk 00:15:18]} {[%emt 00:00:02]} Nf6 {[%clk 00:15:17]} {[%emt
00:00:03]} 2. g3 {[%clk 00:15:19]} {[%emt 00:00:09]} d5 {[%clk 00:15:24]}
{[%emt 00:00:03]} 3. Bg2 {[%clk 00:15:27]} {[%emt 00:00:02]} e6 {[%clk
00:14:37]} {[%emt 00:00:57]} 4. O-O {[%clk 00:15:34]} {[%emt 00:00:02]} c5
{[%clk 00:14:41]} {[%emt 00:00:07]} 5. c4 {[%clk 00:15:30]} {[%emt 00:00:14]}
d4 {[%clk 00:14:45]} {[%emt 00:00:05]} 6. b4 {[%clk 00:14:47]} {[%emt
00:00:54]} cxb4 {[%clk 00:14:43]} {[%emt 00:00:12]} 7. a3 {[%clk 00:14:56]}
{[%emt 00:00:01]} Nc6 {[%clk 00:14:25]} {[%emt 00:00:27]} 8. axb4 {[%clk
00:13:31]} {[%emt 00:01:35]} Bxb4 {[%clk 00:14:31]} {[%emt 00:00:04]} 9. Qa4
{[%clk 00:13:39]} {[%emt 00:00:02]} Bd7 {[%clk 00:13:03]} {[%emt 00:01:38]} 10.
Bb2 {[%clk 00:13:35]} {[%emt 00:00:14]} a5 {[%clk 00:12:41]} {[%emt 00:00:32]}
11. Qb3 {[%clk 00:13:29]} {[%emt 00:00:15]} O-O {[%clk 00:11:19]} {[%emt
00:01:32]} 12. Nxd4 {[%clk 00:13:08]} {[%emt 00:00:32]} Nxd4 {[%clk 00:11:27]}
{[%emt 00:00:02]} 13. Bxd4 {[%clk 00:13:16]} {[%emt 00:00:01]} Bc6 {[%clk
00:11:35]} {[%emt 00:00:03]} 14. Qb2 {[%clk 00:13:06]} {[%emt 00:00:20]} Bxg2
{[%clk 00:09:43]} {[%emt 00:02:01]} 15. Kxg2 {[%clk 00:13:15]} {[%emt
00:00:02]} Rc8 {[%clk 00:09:21]} {[%emt 00:00:33]} 16. d3 {[%clk 00:13:13]}
{[%emt 00:00:12]} Qe7 {[%clk 00:08:08]} {[%emt 00:01:22]} 17. Na3 {[%clk
00:13:08]} {[%emt 00:00:15]} Rfe8 {[%clk 00:07:44]} {[%emt 00:00:34]} 18. Nc2
{[%clk 00:12:57]} {[%emt 00:00:21]} e5 {[%clk 00:07:08]} {[%emt 00:00:46]} 19.
Be3 {[%clk 00:12:28]} {[%emt 00:00:38]} Ng4 {[%clk 00:06:53]} {[%emt 00:00:26]}
20. Nxb4 {[%clk 00:12:28]} {[%emt 00:00:10]} Nxe3+ {[%clk 00:06:20]} {[%emt
00:00:42]} 21. fxe3 {[%clk 00:12:36]} {[%emt 00:00:02]} axb4 {[%clk 00:06:29]}
{[%emt 00:00:01]} 22. e4 {[%clk 00:12:30]} {[%emt 00:00:16]} b5 {[%clk
00:06:38]} {[%emt 00:00:01]} 23. cxb5 {[%clk 00:12:26]} {[%emt 00:00:14]} Rb8
{[%clk 00:06:46]} {[%emt 00:00:02]} 24. Ra5 {[%clk 00:12:18]} {[%emt 00:00:19]}
Qc5 {[%clk 00:06:14]} {[%emt 00:00:41]} 25. Qb3 {[%clk 00:07:48]} {[%emt
00:04:40]} Re6 {[%clk 00:05:25]} {[%emt 00:00:59]} 26. Ra6 {[%clk 00:06:43]}
{[%emt 00:01:15]} Re7 {[%clk 00:03:14]} {[%emt 00:02:20]} 27. Qc4 {[%clk
00:04:25]} {[%emt 00:02:29]} Rc7 {[%clk 00:02:02]} {[%emt 00:01:21]} 28. Rc6
{[%clk 00:01:06]} {[%emt 00:03:29]} Qxc4 {[%clk 00:02:03]} {[%emt 00:00:10]} 29.
Rxc4 {[%clk 00:01:03]} {[%emt 00:00:13]} Rcb7 {[%clk 00:01:26]} {[%emt
00:00:46]} 30. Rxb4 {[%clk 00:01:12]} {[%emt 00:00:02]} Rxb5 {[%clk 00:01:35]}
{[%emt 00:00:01]} 31. Ra4 {[%clk 00:00:45]} {[%emt 00:00:38]} Rb2 {[%clk
00:01:29]} {[%emt 00:00:16]} 32. Kf3 {[%clk 00:00:48]} {[%emt 00:00:06]} f6
{[%clk 00:00:57]} {[%emt 00:00:41]} 33. Rc1 {[%clk 00:00:57]} {[%emt 00:00:01]}
R8b7 {[%clk 00:00:48]} {[%emt 00:00:20]} 34. g4 {[%clk 00:00:54]} {[%emt
00:00:13]} Kf7 {[%clk 00:00:41]} {[%emt 00:00:17]} 35. h4 {[%clk 00:00:56]}
{[%emt 00:00:08]} h6 {[%clk 00:00:29]} {[%emt 00:00:22]} 36. Ra8 {[%clk
00:01:02]} {[%emt 00:00:04]} Rb1 {[%clk 00:00:25]} {[%emt 00:00:14]} 37. Rac8
{[%clk 00:00:19]} {[%emt 00:00:53]} Rxc1 {[%clk 00:00:21]} {[%emt 00:00:14]} 38.
Rxc1 {[%clk 00:00:28]} {[%emt 00:00:01]} Kg6 {[%clk 00:00:28]} {[%emt
00:00:03]} 39. Rc2 {[%clk 00:00:18]} {[%emt 00:00:20]} h5 {[%clk 00:00:29]}
{[%emt 00:00:09]} 40. e3 {[%clk 00:00:22]} {[%emt 00:00:06]} Rb1 {[%clk
00:00:20]} {[%emt 00:00:19]} 41. Rg2 {[%clk 00:00:24]} {[%emt 00:00:08]} hxg4+
{[%clk 00:00:22]} {[%emt 00:00:09]} 42. Rxg4+ {[%clk 00:00:33]} Kf7 {[%clk
00:00:28]} {[%emt 00:00:03]} 43. d4 {[%clk 00:00:36]} {[%emt 00:00:07]} exd4
{[%clk 00:00:17]} {[%emt 00:00:22]} 44. exd4 {[%clk 00:00:45]} Rb3+ {[%clk
00:00:26]} 45. Kf4 {[%clk 00:00:21]} {[%emt 00:00:33]} Rd3 {[%clk 00:00:32]}
{[%emt 00:00:04]} 46. d5 {[%clk 00:00:30]} {[%emt 00:00:02]} g6 {[%clk
00:00:13]} {[%emt 00:00:29]} 47. Rg3 {[%clk 00:00:39]} Rd1 {[%clk 00:00:20]}
{[%emt 00:00:04]} 48. Rb3 {[%clk 00:00:36]} {[%emt 00:00:12]} Rh1 {[%clk
00:00:18]} {[%emt 00:00:12]} 49. Rb7+ {[%clk 00:00:41]} {[%emt 00:00:06]} Kf8
{[%clk 00:00:26]} {[%emt 00:00:01]} 50. Kg4 {[%clk 00:00:19]} {[%emt 00:00:32]}
Rg1+ {[%clk 00:00:19]} {[%emt 00:00:17]} 51. Kf3 {[%clk 00:00:28]} Rh1 {[%clk
00:00:25]} {[%emt 00:00:03]} 52. Rb8+ {[%clk 00:00:34]} {[%emt 00:00:04]} Kf7
{[%clk 00:00:32]} {[%emt 00:00:03]} 53. Rh8 {[%clk 00:00:23]} {[%emt 00:00:21]}
Kg7 {[%clk 00:00:35]} {[%emt 00:00:07]} 54. Rc8 {[%clk 00:00:30]} {[%emt
00:00:03]} Kf7 {[%clk 00:00:30]} {[%emt 00:00:15]} 55. Rc7+ {[%clk 00:00:38]}
{[%emt 00:00:02]} Kf8 {[%clk 00:00:39]} {[%emt 00:00:01]} 56. d6 {[%clk
00:00:33]} {[%emt 00:00:15]} Rd1 {[%clk 00:00:42]} {[%emt 00:00:07]} 57. Rd7
{[%clk 00:00:19]} {[%emt 00:00:24]} Ke8 {[%clk 00:00:23]} {[%emt 00:00:29]} 58.
Re7+ {[%clk 00:00:27]} {[%emt 00:00:02]} Kf8 {[%clk 00:00:31]} {[%emt
00:00:01]} 59. Rd7 {[%clk 00:00:19]} {[%emt 00:00:18]} Ke8 {[%clk 00:00:38]}
{[%emt 00:00:03]} 60. Rg7 {[%clk 00:00:28]} Rxd6 {[%clk 00:00:43]} {[%emt
00:00:05]} 61. Rxg6 {[%clk 00:00:30]} {[%emt 00:00:08]} Kf7 {[%clk 00:00:52]}
{[%emt 00:00:01]} 62. Rg1 {[%clk 00:00:20]} {[%emt 00:00:20]} Rd2 {[%clk
00:00:54]} {[%emt 00:00:08]} 63. Rh1 {[%clk 00:00:22]} {[%emt 00:00:08]} Kg6
{[%clk 00:00:58]} {[%emt 00:00:06]} 64. h5+ {[%clk 00:00:16]} {[%emt 00:00:15]}
Kh6 {[%clk 00:01:04]} {[%emt 00:00:05]} 65. Kg4 {[%clk 00:00:25]} {[%emt
00:00:01]} Rg2+ {[%clk 00:00:30]} {[%emt 00:00:44]} 66. Kf5 {[%clk 00:00:14]}
{[%emt 00:00:21]} Rf2+ {[%clk 00:00:38]} 67. Ke6 {[%clk 00:00:23]} {[%emt
00:00:01]} Rf4 {[%clk 00:00:47]} 68. Kd5 {[%clk 00:00:25]} {[%emt 00:00:08]}
Rf2 {[%clk 00:00:50]} {[%emt 00:00:07]} 69. Rh4 {[%clk 00:00:25]} {[%emt
00:00:10]} Kg5 {[%clk 00:00:39]} {[%emt 00:00:22]} 70. Rh3 {[%clk 00:00:33]}
{[%emt 00:00:02]} Kh6 {[%clk 00:00:44]} {[%emt 00:00:04]} 71. Kd4 {[%clk
00:00:17]} {[%emt 00:00:26]} Rf1 {[%clk 00:00:46]} {[%emt 00:00:09]} 72. Ke3
{[%clk 00:00:17]} {[%emt 00:00:10]} Re1+ {[%clk 00:00:46]} {[%emt 00:00:09]} 73.
Kf3 {[%clk 00:00:20]} {[%emt 00:00:07]} Rf1+ {[%clk 00:00:51]} {[%emt
00:00:05]} 74. Ke2 {[%clk 00:00:25]} {[%emt 00:00:05]} Rf4 {[%clk 00:00:47]}
{[%emt 00:00:14]} 75. Ke3 {[%clk 00:00:34]} {[%emt 00:00:01]} Rf1 {[%clk
00:00:56]} 76. Rh4 {[%clk 00:00:44]} Re1+ {[%clk 00:00:56]} {[%emt 00:00:12]}
77. Kf2 {[%clk 00:00:52]} {[%emt 00:00:02]} Ra1 {[%clk 00:01:00]} {[%emt
00:00:05]} 78. Rf4 {[%clk 00:00:57]} {[%emt 00:00:06]} Kxh5 {[%clk 00:01:01]}
{[%emt 00:00:08]} 79. Rxf6 {[%clk 00:01:06]} {[%emt 00:00:01]} Kg5 {[%clk
00:01:10]} 80. Rf8 {[%clk 00:01:14]} {[%emt 00:00:01]} Ra3 {[%clk 00:01:13]}
{[%emt 00:00:07]} 81. Ke2 {[%clk 00:01:17]} {[%emt 00:00:09]} Kg6 {[%clk
00:01:19]} {[%emt 00:00:03]} 82. Rf1 {[%clk 00:01:18]} {[%emt 00:00:09]} Kg7
{[%clk 00:01:24]} {[%emt 00:00:05]} 83. Kd2 {[%clk 00:01:16]} {[%emt 00:00:11]}
Kg6 {[%clk 00:01:29]} {[%emt 00:00:05]} 84. Rf5 {[%clk 00:01:19]} {[%emt
00:00:07]} Kg7 {[%clk 00:01:36]} {[%emt 00:00:03]} 85. e5 {[%clk 00:01:25]}
{[%emt 00:00:05]} Kg6 {[%clk 00:01:36]} {[%emt 00:00:09]} 86. Rf1 {[%clk
00:01:21]} {[%emt 00:00:14]} Ra5 {[%clk 00:01:23]} {[%emt 00:00:24]} 87. Re1
{[%clk 00:01:23]} {[%emt 00:00:08]} Kf7 {[%clk 00:01:28]} {[%emt 00:00:05]} 88.
Kd3 {[%clk 00:01:31]} {[%emt 00:00:03]} Ke6 {[%clk 00:01:37]} 89. Re3 {[%clk
00:01:33]} {[%emt 00:00:08]} Kxe5 {[%emt 00:00:04]} 90. Ke4+ 1/2-1/2